000 00845nam a2200253Ia 4500
003 OSt
005 20220923211223.0
006 a|||||r|||| 00| 0
007 ta
008 220922b |||||||| |||| 00| 0 hin d
020 _a9788150000250 (hbk)
_c212.5
024 _a242,303
037 _b447, 18/02/2010, Vani Prakashan
_cTextual
040 _aARTS
_cARTS
_bhin
041 _2hin
_ahin
082 _aO152,3N55x, P9
100 _aचौहान, सूरजपाल
_9156279
245 0 _aनया ब्राह्मण
246 _aNayā brāhmaṇa
260 _aनयी दिल्ली
_b वाणी प्रकाशन
_c2009
300 _a128पृ.
_ccm.
942 _hO152,3N55x, P9
_cTEXL
_2CC
999 _c297179
_d297179